Food and beverages service and operations (Record no. 395631)

MARC details
000 -LEADER
fixed length control field 00541 a2200205 4500
005 - DATE & TIME
control field 20260412111459.0
008 - FIXED-LENGTH DATA ELEMENTS--GENERAL INFORMATION
fixed length control field 260410b |||||||| |||| 00| 0 eng d
020 ## - ISBN
International Standard Book Number 9789395806763
Price Rs. 1575.00
040 ## - CATALOGING SOURCE
Original cataloging agency VIVEKANANDA LIBRARY
082 ## - DDC NUMBER
Classification number 647.95068
Book Number B469F
100 ## - MAIN ENTRY--PERSONAL NAME
Personal name Bhatnagar, S K
245 ## - TITLE STATEMENT
Title Food and beverages service and operations
260 ## - PUBLICATION, DISTRIBUTION, ETC. (IMPRINT)
Name of publisher, distributor, etc The Hospitality Press
Date of publication, distribution, etc 2025
Place of publication, distribution, etc New Delhi
300 ## - PHYSICAL DESCRIPTION
Pages xi, 876
650 ## - Subject
Subject Hotel Management
650 ## - Subject
Subject Food Service
650 ## - Subject
Subject Restaurants
650 ## - Subject
Subject Hospitality
942 ## - ADDED ENTRY ELEMENTS (KOHA)
Koha item type Books
Holdings
Withdrawn status Lost status Source of classification or shelving scheme Damaged status Not for loan Location (home branch) Sublocation or collection (holding branch) Shelving location Date acquired Koha issues (times borrowed) Koha full call number Accession No. Koha date last seen Koha item type
    Dewey Decimal Classification     VIVEKANANDA LIBRARY VIVEKANANDA LIBRARY IHTM Library 21/01/2026   647.95068 B469F 425193 21/01/2026 Books
© Designed and Maintained by Vivekananda Library, MDU Rohtak